La metamorfosis y otros relatos /

Guardado en:
Autor Principal: Kafka, Franz
Formato: Libro
Publicado: Buenos Aires : Edicol, 199-
Series:Biblioteca La Nación
Materias:
Etiquetas: Agregar Etiqueta
Sin Etiquetas, Sea el primero en etiquetar este registro!
LEADER 00672nam a22002175a 4500
001 CEM.cems019043
008 220412s2000####ag############000#0#####d
005 20220412193609.0
003 CEMS
245 1 0 |a La metamorfosis y otros relatos /  |c Franz Kafka. 
260 |a Buenos Aires :  |b Edicol,  |c 199- 
300 |a 125 p. 
490 0 |a Biblioteca La Nación 
505 0 |a La metamorfosis -- La condena -- En la colonia penitenciaria -- El maestro de pueblo 
020 |a 8408036521 
100 1 |a Kafka, Franz 
082 0 4 |a 891.863 
653 |a Literatura 
653 |a Literatura húngara 
653 |a Cuentos 
859 |a CEMS  |b BIB. CEMS - 11 de abril  |h 891.863  |i K110-10  |p 29208.22  |t Ej. 1